المسئولية المدنية للطبيب : (رقم التسجيلة. 143991)

تفاصيل مارك
000 -الفاتح
عناصر البيانات ثابتة الطول 00874cam a2200217 i 4500
005 - تاريخ ووقت آخر معاملة
حقل ضبط 20260126094509.0
008 - عناصر البيانات ثابتة الطول
عناصر البيانات ثابتة الطول 250721s2022 ua gr 000 0 ara d
020 ## - الترقيم الدولي المعياري للكتب (ردمك)
الترقيم الدولي المعياري للكتب (ردمك) 9789778412277
082 14 - رقم تصنيف ديوي العشري
رقم التصنيف 346.031
رقم المادة م س ل
100 1# - مدخل رئيسي – اسم شخصي
الاسم الشخصي المسلماني، ابراهيم
علاقة الشخص بالعمل/ دوره معد.
245 12 - بيان العنوان
العنوان المسئولية المدنية للطبيب :
بقية العنوان دراسة تحليلية تطبيقية في اطار طب التخدير /
بيان المسؤولية إعداد دكتور إبراهيم أحمد المسلماني.
250 ## - بيان الطبعة
بيان الطبعة الطبعة الأولى.
264 31 - بيانات النشر، التوزيع…إلخ
مكان النشر، التوزيع...إلخ القاهرة :
اسم الناشر، الموزع...إلخ المركز العربي للنشر والتوزيع،
تاريخ النشر، التوزيع...إلخ 2022.
300 ## - الوصف المادي
عدد الوحدات المكونة للوعاء 345 صفحة.
650 17 - مدخل إضافي بالموضوع - مصطلح موضوعي
مصطلح موضوعي أو اسم جغرافي كعنصر مدخل التبعية القانونية.
650 17 - مدخل إضافي بالموضوع - مصطلح موضوعي
مصطلح موضوعي أو اسم جغرافي كعنصر مدخل الطب.
650 17 - مدخل إضافي بالموضوع - مصطلح موضوعي
مصطلح موضوعي أو اسم جغرافي كعنصر مدخل الاهمال.
650 17 - مدخل إضافي بالموضوع - مصطلح موضوعي
مصطلح موضوعي أو اسم جغرافي كعنصر مدخل القانون الخاص.
942 ## - بيانات إضافية (كوها)
نوع التنصيف Dewey Decimal Classification
نوع المادة (كوها) كتب
المقتنيات
حالة السحب حالة الفقدان مصدر التصنيف حالة التلف غير قابل للإعارة المكتبة الرئيسية المكتبة الحالية موقع الرف تاريخ التزويد الرقم المتسلسل Total Checkouts رقم الإستدعاء الباركود تاريخ آخر ظهور تاريخ الفاتورة نوع المادة (كوها)
    Dewey Decimal Classification     المكتبة المركزية المكتبة المركزية الإعارة 28/07/2025 1768871   346.031 / م س ل PLD00501154 28/07/2025 28/07/2025 كتب
    Dewey Decimal Classification     المكتبة المركزية المكتبة المركزية الإعارة 04/07/2024 1786044   346.031 / م س ل PLD00510718 28/07/2025 04/07/2024 كتب
Implemented & Customized by: BBB with SCIT (Smart Chains for Information Technology)

Powered by Koha